Make or break (Record no. 84522)

MARC details
000 -LEADER
fixed length control field 01094cab a22002655a 4500
001 - CONTROL NUMBER
control field L158151
008 - FIXED-LENGTH DATA ELEMENTS--GENERAL INFORMATION
fixed length control field 140923e2014 xxk 000 0 eng d
035 ## - SYSTEM CONTROL NUMBER
System control number (Sirsi) u158151
041 0# - LANGUAGE CODE
Language code of text/sound track or separate title eng
100 1# - MAIN ENTRY--PERSONAL NAME
Personal name Lambert, Donald
245 00 - TITLE STATEMENT
Title Make or break
260 ## - PUBLICATION, DISTRIBUTION, ETC.
Date of publication, distribution, etc. 2014
490 ## - SERIES STATEMENT
Series statement New Law Journal
Volume/sequential designation 164 (7622) 19 September 2014, 13-14(2)
520 ## - SUMMARY, ETC.
Summary, etc. Considers issues relating to break clauses in leases including repayment of apportionment of rent and other services paid in advance of the break clause coming into place. Refers to case law dealing with break clauses including "Marks & Spencer Plc v BNP Paribas" [2014] EWCA Civ 603 (L158150) implied terms and "PCE Investors Ltd v Cancer Research UK" [2012] EWHC 884 (Ch),
590 ## - LOCAL NOTE (RLIN)
Local note KA
650 24 - SUBJECT ADDED ENTRY--TOPICAL TERM
Topical term or geographic name entry element MARKS AND SPENCER PLC V BNP PARIBAS
650 24 - SUBJECT ADDED ENTRY--TOPICAL TERM
Topical term or geographic name entry element PCE INVESTORS LTD V CANCER RESEARCH UK
650 24 - SUBJECT ADDED ENTRY--TOPICAL TERM
Topical term or geographic name entry element APPORTIONMENT ACT 1870
650 24 - SUBJECT ADDED ENTRY--TOPICAL TERM
Topical term or geographic name entry element BREAK CLAUSES
650 24 - SUBJECT ADDED ENTRY--TOPICAL TERM
Topical term or geographic name entry element IMPLIED TERMS
651 #4 - SUBJECT ADDED ENTRY--GEOGRAPHIC NAME
Geographic name England and Wales
Chronological subdivision 1543-
690 ## - LOCAL SUBJECT ADDED ENTRY--TOPICAL TERM (OCLC, RLIN)
Topical term or geographic name as entry element Landlord and tenant
9 (RLIN) 6252
690 ## - LOCAL SUBJECT ADDED ENTRY--TOPICAL TERM (OCLC, RLIN)
Topical term or geographic name as entry element Commercial property
9 (RLIN) 6227
942 ## - ADDED ENTRY ELEMENTS (KOHA)
Suppress in OPAC 0
Holdings
Withdrawn status Lost status Source of classification or shelving scheme Damaged status Not for loan Home library Current library Shelving location Date acquired Total Checkouts Full call number Barcode Date last seen Copy number Price effective from Koha item type
    Dewey Decimal Classification     London London Journal article 23/09/2014   L158151 158151-1001 06/08/2019 1 06/08/2019 Journal article